| 000 | 02818 a2200241 4500 | ||
|---|---|---|---|
| 999 |
_c442698 _d442698 |
||
| 003 | UA-OsUOA | ||
| 005 | 20191221094957.0 | ||
| 008 | 191107b un ||||| |||| 00| 0 ukr d | ||
| 040 |
_aUA-OsUOA _bukr _cUA-OsUOA _dUA-OsUOA |
||
| 041 | _aukr | ||
| 080 | _a069.538 | ||
| 090 |
_a069.538 _bУ45 |
||
| 110 | _aМіністерство закордонних справ України; Державна архівна служба України; Наукове товариство історії дипломатії та міжнародних відносин | ||
| 245 |
_aУкраїнська дипломатія 1917-1924 рр.: зародження національних традицій _bкаталог виставки архівних документів |
||
| 260 |
_c2017. _aКиїв |
||
| 520 | _aВиставка архівних документів "Українська дипломатія 1917-1924 рр.: зародження національних традицій" присвячена століттю створення зовнішньополітичного відомства Української Народної Республіки (УНР) - Секретарства справ міжнародних, реорганізованого з Секретарства справ міжнаціональних 22 грудня 1917 р. Відтоді розпочалося формування української дипломатичної і консульської служи як державного інституту, покликаного захищати інтереси держави та її громадян. Видання розповідає про особливості виставки. Документи виставки подано в 17-ти тематичних блоках, які відображають ключові події зовнішньополітичної діяльності Української Народної Республіки та Української Держави, закладання підвалин традицій української дипломатії. | ||
| 591 |
_aНаукове товариство історії дипломатії та міжнародних відносин _bМатяш І.Б. |
||
| 650 | _a069.538 Музейні каталоги | ||
| 710 | 1 | _aМіністерство закордонних справ України; Державна архівна служба України; Наукове товариство історії дипломатії та міжнародних відносин | |
| 942 |
_cBR _2udc |
||
| 955 | _a0 | ||